00216nam a2200085Ia 450000500170000000800410001724500450005826000100010399900170011320250523154322.0250523s9999 xx 000 0 und d 0aDünyanın Yeni SahiplericJean Ziegler bALTIN c12023d12023